Laufey Lyrics - Carousel - Statistics

General Stats
  • This quiz has been taken 16 times
  • The average score is 142 of 173
Answer Stats
Lyrics % Correct
a
100%
A
100%
I
100%
My
100%
my
100%
You
100%
you
100%
and
90%
around
90%
break
90%
Carousel
90%
carousel
90%
circus
90%
down
90%
Floating
90%
ground
90%
I’m
90%
is
90%
life
90%
man
90%
me
90%
on
90%
one
90%
One
90%
show
90%
spinning
90%
Such
90%
Tether
90%
to
90%
up
90%
your
90%
all
80%
apology
80%
are
80%
bring
80%
fell?
80%
fell
80%
for
80%
For
80%
go
80%
hell
80%
Hold
80%
in
80%
lifelong
80%
make
80%
nervous
80%
Nowhere
80%
ribbons
80%
signed
80%
sincere
80%
spectacle
80%
spell?
80%
spell
80%
Take
80%
Tangled
80%
this
80%
with
80%
With
80%
acrobats
70%
Aren’t
70%
city
70%
clowns
70%
know
70%
oddities
70%
of
70%
Of
70%
Onto
70%
recurring
70%
role
70%
see
70%
so
70%
sorry
70%
that
70%
the
70%
The
70%
Was
70%
we
70%
Will
70%
you’re
70%
Before
60%
comedies
60%
illusory
60%
its
60%
losing
60%
things
60%
thought
60%
traps
60%
under,
60%
waiting
60%
wonder
60%
would
60%
wrong
60%
met
50%
till
30%
Till
30%
No matching quizzes found
Score Distribution
Percent of People with Each Score
Percentile by Number Answered
Your Score History
You have not taken this quiz